[Event "Taastrup Spil Naar Du Vil V 2010"]
[Site "Taastrup"]
[Date "2010.03.25"]
[Round "1"]
[White "Lauritsen, Martin Lee"]
[Black "Ertbjerg, Per"]
[Result "0-1"]
[WhiteElo "2047"]
[BlackElo "1977"]
[PlyCount "74"]
[EventDate "2010.??.??"]

1. e4 c5 2. Nf3 Nc6 3. d4 cxd4 4. Nxd4 Nf6 5. Nc3 d6 6. Be2 e6 7. Be3 Be7 8.
Qd2 O-O 9. O-O-O a6 10. f3 Qc7 11. Bg5 Rd8 12. f4 Nxd4 13. Qxd4 b5 14. e5 dxe5
15. Qxe5 Bd6 16. Qe3 Bb7 17. Kb1 Be7 18. Bd3 b4 19. Ne2 a5 20. Rhe1 a4 21. Rc1
a3 22. b3 Nd5 23. Qd2 f6 24. Bh4 Bc5 25. c4 bxc3 26. Nxc3 Nb4 27. Na4 Nxd3 28.
Nxc5 Nxc5 29. Qf2 Rac8 30. b4 Qb6 31. Rc4 Bd5 32. Rd4 Na4 33. Ka1 Qc6 34. Qe3
Qc2 35. Qd2 Qb2+ 36. Qxb2 axb2+ 37. Kb1 Bxa2+ 0-1

[Event "Taastrup Spil Naar Du Vil V 2010"]
[Site "Taastrup"]
[Date "2010.03.25"]
[Round "1"]
[White "Kaaber Hansen, Jacob"]
[Black "Nielsen, Jan Mose"]
[Result "1-0"]
[WhiteElo "2220"]
[BlackElo "2057"]
[PlyCount "53"]
[EventDate "2010.??.??"]

1. e4 c5 2. Nf3 d6 3. d4 cxd4 4. Nxd4 Nf6 5. Nc3 g6 6. Be3 Bg7 7. f3 Nc6 8. Qd2
Bd7 9. O-O-O a6 10. g4 h5 11. g5 Nh7 12. h4 Rc8 13. Kb1 Nf8 14. Nd5 Ne6 15. Nb3
O-O 16. Bb6 Qe8 17. f4 Nc5 18. Nxc5 dxc5 19. Bxc5 Bg4 20. Be2 Bxe2 21. Qxe2 Kh7
22. c3 Rg8 23. Ne3 Na5 24. Bd4 e5 25. fxe5 Bxe5 26. Nd5 Rf8 27. Bxe5 1-0

[Event "Taastrup Spil Naar Du Vil V 2010"]
[Site "Taastrup"]
[Date "2010.03.25"]
[Round "1"]
[White "Foslund, Peter"]
[Black "Jensen, Jan Kargaard"]
[Result "1/2-1/2"]
[WhiteElo "1538"]
[BlackElo "1661"]
[PlyCount "111"]
[EventDate "2010.??.??"]

1. c4 e6 2. e4 d5 3. cxd5 exd5 4. exd5 Nf6 5. Nc3 Nxd5 6. Qf3 c6 7. Nxd5 Qxd5
8. Qxd5 cxd5 9. d4 Nc6 10. Bb5 Bd6 11. Nf3 O-O 12. O-O Bg4 13. Bxc6 bxc6 14.
Ne5 Bxe5 15. dxe5 Rfe8 16. Bf4 c5 17. b3 Rac8 18. Rac1 d4 19. f3 Be6 20. Rfd1
h6 21. h3 g5 22. Bh2 Kg7 23. g4 Red8 24. f4 gxf4 25. Bxf4 c4 26. bxc4 Bxc4 27.
Rd2 d3 28. Kf2 Ba6 29. Rxc8 Rxc8 30. h4 Kg6 31. h5+ Kg7 32. g5 hxg5 33. Bxg5
Rc2 34. Rxc2 dxc2 35. Bc1 Bd3 36. a3 Bf5 37. Kg3 f6 38. Kf4 Be6 39. exf6+ Kxf6
40. Bb2+ Kf7 41. Kg5 Bc4 42. Kf4 Be2 43. Kg5 Bd3 44. Bc1 a6 45. h6 Ke6 46. Kf4
Kd5 47. Ke3 Kc4 48. Kd2 Bh7 49. Bb2 Kb3 50. Kc1 a5 51. Bg7 Kxa3 52. Bc3 a4 53.
Bg7 Kb3 54. Bh8 a3 55. Ba1 a2 56. Bg7 1/2-1/2

[Event "Taastrup Spil Naar Du Vil V 2010"]
[Site "Taastrup"]
[Date "2010.03.25"]
[Round "1"]
[White "Ghavamabadi, Mehdi"]
[Black "Strom, Ebbe"]
[Result "0-1"]
[WhiteElo "1375"]
[BlackElo "1604"]
[PlyCount "101"]
[EventDate "2010.??.??"]

1. e4 e5 2. Nf3 Nc6 3. Bb5 a6 4. Ba4 Nf6 5. O-O b5 6. Bb3 Be7 7. Re1 O-O 8. d3
d6 9. h3 Bd7 10. a4 b4 11. Bg5 Na5 12. Nbd2 Nxb3 13. Nxb3 c5 14. Nfd2 h6 15.
Bh4 g5 16. Bg3 g4 17. f4 Nh5 18. f5 Nxg3 19. Qxg4+ Kh7 20. Qxg3 Bh4 21. Qf3
Bxe1 22. Rxe1 Rg8 23. Nc4 Bxa4 24. f6 Rg6 25. Rf1 Bxb3 26. cxb3 Qc7 27. Ne3 Qd7
28. Nd5 Rag8 29. Rf2 Rg3 30. Qe2 Qxh3 31. Ne7 R8g5 32. Nf5 R3g4 33. g3 Rxg3+
34. Nxg3 Rxg3+ 35. Rg2 Rxg2+ 36. Qxg2 Qxg2+ 37. Kxg2 Kg6 38. Kg3 Kg5 39. Kh3
Kxf6 40. Kh4 Kg6 41. Kg4 h5+ 42. Kh4 f6 43. Kg3 Kg5 44. Kh3 h4 45. Kg2 Kg4 46.
Kf2 h3 47. Kg1 Kg3 48. Kh1 Kf3 49. Kh2 Ke3 50. Kxh3 Kxd3 51. Kg4 0-1

[Event "Taastrup Spil Naar Du Vil V 2010"]
[Site "Taastrup"]
[Date "2010.03.25"]
[Round "1"]
[White "Nielsen, Jan"]
[Black "Yde, Jesper"]
[Result "0-1"]
[WhiteElo "1429"]
[BlackElo "1545"]
[PlyCount "80"]
[EventDate "2010.??.??"]

1. e4 d6 2. d4 Nf6 3. Nc3 Bg4 4. Be2 Qd7 5. Nf3 Nc6 6. O-O h6 7. e5 dxe5 8.
dxe5 Qxd1 9. Rxd1 Nd7 10. Bf4 e6 11. h3 Bh5 12. g4 Bg6 13. Bb5 Bb4 14. Rxd7
Kxd7 15. Rd1+ Ke7 16. Bxc6 bxc6 17. g5 hxg5 18. Bxg5+ f6 19. Bh4 Bf5 20. Kh2
Rad8 21. Rg1 Kf7 22. exf6 gxf6 23. Na4 Bd6+ 24. Kg2 Rdg8+ 25. Kf1 Rxg1+ 26.
Kxg1 Bxh3 27. Nc3 Rg8+ 28. Bg3 Bxg3 29. fxg3 Rxg3+ 30. Kf2 Rg2+ 31. Ke3 Rxc2
32. Nd1 Bg4 33. Kd3 Bf5+ 34. Ke3 c5 35. Ne1 Rh2 36. Nf2 Ke7 37. b3 Bb1 38. a4
e5 39. Ned3 Kd6 40. Kd2 Bxd3 0-1

[Event "Taastrup Spil Naar Du Vil V 2010"]
[Site "Taastrup"]
[Date "2010.03.25"]
[Round "1"]
[White "Pedersen, Ole"]
[Black "Kirkebaekke, Mark"]
[Result "0-1"]
[WhiteElo "1346"]
[BlackElo "1423"]
[PlyCount "97"]
[EventDate "2010.??.??"]

1. c4 c5 2. Nc3 Nc6 3. g3 g6 4. e3 Bg7 5. Nge2 e5 6. Bg2 Nge7 7. O-O O-O 8. f4
d6 9. a3 f5 10. fxe5 dxe5 11. Rb1 a5 12. Nd5 e4 13. Nec3 Ne5 14. Nxe7+ Qxe7 15.
Nd5 Qd6 16. Qc2 Be6 17. Nf4 Bxc4 18. Re1 Bd3 19. Nxd3 Nxd3 20. Rf1 a4 21. b3
axb3 22. Qxb3+ Rf7 23. a4 Nxc1 24. Rbxc1 Qxd2 25. Rxc5 Qd7 26. Rb5 Kh8 27. Rb1
Ra7 28. a5 h6 29. Bf1 Re7 30. Rb6 Kh7 31. Rd1 Qc7 32. Bc4 Be5 33. Kg2 Rxa5 34.
Bd5 Ra7 35. Rb1 Qd8 36. Rd1 Qc8 37. Rb1 Rc7 38. Be6 Qe8 39. Bd5 Rc3 40. Rxb7+
Rc7 41. Rxa7 Rxa7 42. Qb6 Rd7 43. Bc6 Rd2+ 44. Kh3 Qe6 45. Qa7+ Bg7 46. Rb7 Qf6
47. Rf7 Qb2 48. Rxg7+ Qxg7 49. g4 0-1

[Event "Taastrup Spil Naar Du Vil V 2010"]
[Site "Taastrup"]
[Date "2010.03.25"]
[Round "1"]
[White "Wadtland, Flemming"]
[Black "Lindgaard, Jorn"]
[Result "0-1"]
[WhiteElo "1249"]
[BlackElo "1300"]
[PlyCount "76"]
[EventDate "2010.??.??"]

1. c4 e5 2. e3 c6 3. Nc3 Nf6 4. d4 exd4 5. Qxd4 d6 6. Be2 Be6 7. e4 Nbd7 8. Bg5
c5 9. Qd2 Be7 10. h3 Ne5 11. b3 Nc6 12. Nf3 Qc7 13. Bf4 Rd8 14. O-O a6 15. Qb2
O-O 16. Rfd1 Nh5 17. Bh2 Bf6 18. Qc2 Nd4 19. Nxd4 Bxd4 20. Bxh5 Qa5 21. Rd3 b5
22. Rad1 bxc4 23. Rxd4 cxd4 24. Nd5 Bxd5 25. exd5 Qxd5 26. Bf3 cxb3 27. axb3
Qa5 28. g4 Rc8 29. Qb1 Rc3 30. Be4 d5 31. Bxh7+ Kh8 32. Rxd4 g6 33. Rxd5 Qxd5
34. Bxg6 fxg6 35. Qxg6 Rxh3 36. Qxa6 Rxh2 37. Qa1+ Kg8 38. Kxh2 Rxf2+ 0-1

[Event "Taastrup Spil Naar Du Vil V 2010"]
[Site "Taastrup"]
[Date "2010.03.25"]
[Round "1"]
[White "Drygaard, Mikkel"]
[Black "Kristensen, Steffen Michael"]
[Result "0-1"]
[WhiteElo "1101"]
[BlackElo "1181"]
[PlyCount "42"]
[EventDate "2010.??.??"]

1. d4 f5 2. Bf4 Nf6 3. Nf3 Nc6 4. e3 a6 5. Bd3 e6 6. Nbd2 Be7 7. c3 O-O 8. Qc2
Nd5 9. Bg3 b5 10. O-O-O g6 11. h3 Bd6 12. Bxd6 cxd6 13. g4 Bb7 14. gxf5 exf5
15. e4 Nde7 16. exf5 Nxf5 17. Rdg1 Qf6 18. Rg5 Ncxd4 19. Qd1 Bxf3 20. Ne4 Bxe4
21. Bxe4 Qxg5+ 0-1

[Event "Taastrup Spil Naar Du Vil V 2010"]
[Site "Taastrup"]
[Date "2010.04.08"]
[Round "2"]
[White "Lauritsen, Martin Lee"]
[Black "Kaaber Hansen, Jacob"]
[Result "0-1"]
[WhiteElo "2047"]
[BlackElo "2220"]
[PlyCount "86"]
[EventDate "2010.??.??"]

1. e4 c5 2. Nf3 d6 3. d4 cxd4 4. Nxd4 Nf6 5. Nc3 a6 6. Bg5 Nbd7 7. f4 e6 8. Qf3
Qc7 9. O-O-O b5 10. Bd3 Bb7 11. Kb1 b4 12. Nce2 Nc5 13. Bxf6 gxf6 14. g4 O-O-O
15. c3 d5 16. e5 bxc3 17. Nxc3 fxe5 18. fxe5 Qxe5 19. Nce2 Rd7 20. Rc1 Rc7 21.
Rhd1 h5 22. h3 hxg4 23. hxg4 Rh2 24. a3 Kb8 25. b4 Ne4 26. Rxc7 Qxc7 27. Bxe4
dxe4 28. Qe3 Bd6 29. Rc1 Qd7 30. g5 e5 31. Nb3 Qb5 32. Nc5 Bxc5 33. Qxc5 Qxc5
34. Rxc5 Rxe2 35. Rxe5 Rg2 36. a4 Bc8 37. Kc1 Be6 38. b5 axb5 39. axb5 Kc7 40.
Rxe4 Rxg5 41. Kd2 Kb6 42. Re1 Rd5+ 43. Kc3 Kxb5 0-1

[Event "Taastrup Spil Naar Du Vil V 2010"]
[Site "Taastrup"]
[Date "2010.04.08"]
[Round "2"]
[White "Lindgaard, Jorn"]
[Black "Nielsen, Jan Mose"]
[Result "0-1"]
[WhiteElo "1300"]
[BlackElo "2057"]
[PlyCount "49"]
[EventDate "2010.??.??"]

1. e4 c5 2. Nc3 a6 3. g3 b5 4. Bg2 Bb7 5. d3 e6 6. Be3 Nf6 7. h3 d5 8. Bg5 Be7
9. Qd2 b4 10. Bxf6 Bxf6 11. Nd1 O-O 12. c3 a5 13. Ne2 Na6 14. Qc2 dxe4 15. dxe4
bxc3 16. bxc3 Nb4 17. Qb3 Nd3+ 18. Kf1 Ba6 19. Ne3 Rb8 20. Qa3 Qc7 21. Rd1 c4
22. Kg1 Be7 23. Qa4 Rb2 24. Ra1 Rxe2 25. Kh2 0-1

[Event "Taastrup Spil Naar Du Vil V 2010"]
[Site "Taastrup"]
[Date "2010.04.08"]
[Round "2"]
[White "Yde, Jesper"]
[Black "Christensen, Verner"]
[Result "0-1"]
[WhiteElo "1545"]
[BlackElo "1885"]
[PlyCount "72"]
[EventDate "2010.??.??"]

1. f4 e5 2. d3 Nc6 3. Nf3 d6 4. e4 Be7 5. Be2 Bg4 6. c3 Qc8 7. Be3 Nf6 8. Nbd2
O-O 9. h3 exf4 10. Bxf4 Bd7 11. Ng1 Ne5 12. Bxe5 dxe5 13. d4 exd4 14. cxd4 Bc6
15. Qc2 Rd8 16. Ngf3 a5 17. Bc4 Nh5 18. g4 Nf4 19. O-O-O Be8 20. Rdf1 b5 21.
Bd3 c5 22. e5 Nxd3+ 23. Qxd3 cxd4+ 24. Kb1 a4 25. Ne4 Qc4 26. Qd1 Rac8 27. Rh2
d3 28. Nd6 Bxd6 29. exd6 Rxd6 30. Ne5 Qe4 31. Ka1 Qxe5 32. Rd2 a3 33. Qb3 axb2+
34. Qxb2 Qxb2+ 35. Kxb2 f6 36. Rf3 Bg6 0-1

[Event "Taastrup Spil Naar Du Vil V 2010"]
[Site "Taastrup"]
[Date "2010.04.08"]
[Round "2"]
[White "Strom, Ebbe"]
[Black "Olsen, Kim Alex"]
[Result "1-0"]
[WhiteElo "1604"]
[BlackElo "1517"]
[PlyCount "91"]
[EventDate "2010.??.??"]

1. e4 d6 2. d4 Nf6 3. Nc3 g6 4. Be2 Bg7 5. Nf3 O-O 6. O-O c6 7. h3 Qc7 8. Bf4
Nbd7 9. Bh2 b5 10. d5 b4 11. dxc6 bxc3 12. cxd7 Nxd7 13. b3 Bb7 14. Bd3 Qc5 15.
Qe2 Qa3 16. Bf4 Rfc8 17. Bc1 Qa5 18. Be3 Nc5 19. b4 Qxb4 20. Rfb1 Qa3 21. Bxc5
Rxc5 22. Rxb7 Bf6 23. Rb3 Qa4 24. Bb5 Qa5 25. a4 Rb8 26. Rab1 Ra8 27. Ne1 a6
28. Bd7 Ra7 29. Rb8+ Kg7 30. Be8 Rac7 31. Nd3 Rc4 32. f4 Rd4 33. e5 dxe5 34.
fxe5 Bh4 35. e6 f6 36. Bf7 Rxd3 37. Qxd3 Qc5+ 38. Kh1 Qg5 39. Qd8 Kh6 40. Qf8+
Kh5 41. g4+ Qxg4 42. hxg4+ Kg5 43. R1b7 Rc4 44. Qxe7 Re4 45. Qc5+ Re5 46. Qxe5+
1-0

[Event "Taastrup Spil Naar Du Vil V 2010"]
[Site "Taastrup"]
[Date "2010.04.08"]
[Round "2"]
[White "Kirkebaekke, Mark"]
[Black "Foslund, Peter"]
[Result "0-1"]
[WhiteElo "1423"]
[BlackElo "1538"]
[PlyCount "50"]
[EventDate "2010.??.??"]

1. e4 c5 2. c3 d5 3. exd5 Qxd5 4. Nf3 e5 5. b3 Nc6 6. Bc4 Qe4+ 7. Kf1 f6 8. d3
Qf5 9. Bd5 Qd7 10. c4 Nge7 11. Bxc6 Nxc6 12. Nc3 Nb4 13. Ne1 b6 14. Ke2 Bb7 15.
f3 Nc6 16. Nc2 Nd4+ 17. Nxd4 cxd4 18. Nb5 a6 19. Na3 Be7 20. Nc2 O-O 21. a4 a5
22. Bd2 f5 23. Qc1 Rae8 24. Kf2 e4 25. dxe4 fxe4 0-1

[Event "Taastrup Spil Naar Du Vil V 2010"]
[Site "Taastrup"]
[Date "2010.04.08"]
[Round "2"]
[White "Jensen, Jan Kargaard"]
[Black "Ghavamabadi, Mehdi"]
[Result "1-0"]
[WhiteElo "1661"]
[BlackElo "1375"]
[PlyCount "109"]
[EventDate "2010.??.??"]

1. d4 d5 2. Bf4 c6 3. Nf3 Nf6 4. Nbd2 Bg4 5. e3 e6 6. c3 Nbd7 7. Bd3 Be7 8. h3
Bh5 9. O-O O-O 10. Qc2 c5 11. Rae1 c4 12. Be2 Bg6 13. Qc1 b5 14. Ne5 Nxe5 15.
Bxe5 Ne4 16. Nxe4 Bxe4 17. f3 Bg6 18. Bg3 Bh4 19. Bxh4 Qxh4 20. Bd1 Qg3 21. Bc2
f5 22. Qd2 Be8 23. e4 Rf6 24. exf5 exf5 25. Qf2 Qd6 26. Re5 Bd7 27. Rfe1 a5 28.
f4 Qc6 29. Qf3 Re8 30. Kf2 Rxe5 31. Rxe5 Be6 32. Qh5 Qd7 33. Qe2 a4 34. a3 g6
35. g3 Kg7 36. Bd1 Qf7 37. h4 h5 38. Qf3 Kh6 39. Qg2 Bd7 40. Bf3 Bc6 41. Bxd5
Bxd5 42. Qxd5 Qxd5 43. Rxd5 Rb6 44. Ke3 Kg7 45. Rc5 Kf6 46. d5 Ke7 47. Kd4 Kd6
48. Rc8 Kd7 49. Kc5 Rb7 50. Rg8 Rc7+ 51. Kd4 Rc8 52. Rxc8 Kxc8 53. Kc5 Kd7 54.
Kxb5 Kd6 55. Kxc4 1-0

[Event "Taastrup Spil Naar Du Vil V 2010"]
[Site "Taastrup"]
[Date "2010.04.08"]
[Round "2"]
[White "Meldal, Peter"]
[Black "Wadtland, Flemming"]
[Result "1-0"]
[WhiteElo "1177"]
[BlackElo "1249"]
[PlyCount "109"]
[EventDate "2010.??.??"]

1. e4 e5 2. Nf3 d6 3. Bb5+ c6 4. Be2 Be7 5. O-O Bg4 6. d4 Nd7 7. c3 Bf6 8. Be3
a5 9. Nbd2 h6 10. Nc4 Qc7 11. dxe5 dxe5 12. Nd6+ Kf8 13. h3 Bh5 14. Nc4 Rd8 15.
Qa4 b5 16. Qxa5 Qxa5 17. Nxa5 Rc8 18. Rfd1 Ke8 19. Rd6 Nb8 20. Ba7 Be7 21. Bxb8
Bxd6 22. Bxd6 f6 23. Rd1 Bf7 24. a3 Bg6 25. Nd2 Ne7 26. f3 Kf7 27. c4 Rhd8 28.
Bxe7 Kxe7 29. cxb5 cxb5 30. Bxb5 Be8 31. Bxe8 Kxe8 32. b4 Rc2 33. Nab3 Ra2 34.
Rc1 Rxa3 35. Rc7 Rd7 36. Rxd7 Kxd7 37. Nc5+ Kc6 38. Nc4 Rc3 39. Na5+ Kb5 40.
Ne6 Kxb4 41. Nb7 Ka3 42. Nbd8 Rc8 43. Kf2 g5 44. Kg3 h5 45. h4 gxh4+ 46. Kxh4
Rc2 47. Kh3 Rc1 48. Kh2 Rd1 49. Nf7 Rd7 50. Nfd8 Kb2 51. Kh3 Kc2 52. g4 hxg4+
53. Kxg4 Kd3 54. Nc5+ Ke3 55. Nxd7 1-0

[Event "Taastrup Spil Naar Du Vil V 2010"]
[Site "Taastrup"]
[Date "2010.04.08"]
[Round "2"]
[White "Kristensen, Steffen Michael"]
[Black "Pedersen, Ole"]
[Result "1/2-1/2"]
[WhiteElo "1181"]
[BlackElo "1346"]
[PlyCount "94"]
[EventDate "2010.??.??"]

1. e4 c5 2. Nf3 Nc6 3. Bc4 e6 4. d4 cxd4 5. Nxd4 g6 6. Nxc6 bxc6 7. O-O Bg7 8.
Qf3 Ne7 9. Nc3 Bb7 10. Re1 O-O 11. Bd2 d5 12. exd5 cxd5 13. Bd3 Qb6 14. Rab1
Qb4 15. a3 Qa5 16. Re2 Qc7 17. Nb5 Qc6 18. Bc3 a6 19. Nd4 Qc7 20. Qh3 Bc8 21.
Qh4 e5 22. Nf3 e4 23. Ng5 h6 24. Nxe4 dxe4 25. Bxe4 Ra7 26. Bb4 a5 27. Bd2 Nf5
28. Bxf5 Bxf5 29. Rc1 Qd7 30. Bxh6 Rd8 31. Rd2 Qxd2 32. Bxd2 Rxd2 33. Qf4 Rad7
34. h3 Rd1+ 35. Rxd1 Rxd1+ 36. Kh2 Re1 37. Qd2 Re5 38. Qd8+ Bf8 39. Qc7 Rc5 40.
Qb8 Rxc2 41. Qb6 Rc5 42. b4 axb4 43. axb4 Rc4 44. b5 Rb4 45. Qc6 Be4 46. Qd7
Bf5 47. Qc6 Be4 1/2-1/2

[Event "Taastrup Spil Naar Du Vil V 2010"]
[Site "Taastrup"]
[Date "2010.04.15"]
[Round "3"]
[White "Nielsen, Jan Mose"]
[Black "Rosenkilde, Alexander"]
[Result "1/2-1/2"]
[WhiteElo "2057"]
[BlackElo "2205"]
[PlyCount "81"]
[EventDate "2010.??.??"]

1. d4 Nf6 2. c4 e6 3. Qc2 c5 4. Nf3 cxd4 5. Nxd4 Nc6 6. Nxc6 bxc6 7. e4 Bc5 8.
Be2 e5 9. O-O d6 10. Nd2 Be6 11. Nb3 Bb6 12. Bg5 h6 13. Bh4 Qe7 14. Bxf6 Qxf6
15. Rad1 Rd8 16. Nd2 O-O 17. b4 d5 18. c5 Bc7 19. a4 Qg6 20. f3 f5 21. b5 dxe4
22. fxe4 Rd4 23. Bc4 Bxc4 24. Nxc4 cxb5 25. axb5 Rxe4 26. Rd7 Bb8 27. Nd6 Bxd6
28. cxd6 f4 29. Rxa7 f3 30. Raa1 Qg4 31. h3 Qg5 32. Rxf3 Ref4 33. Qb3+ Kh8 34.
Raf1 Qd8 35. Rxf4 exf4 36. Qd5 Qb6+ 37. Kh2 Rd8 38. Rxf4 Rxd6 39. Qa8+ Kh7 40.
Qe4+ Kg8 41. Qa8+ 1/2-1/2

[Event "Taastrup Spil Naar Du Vil V 2010"]
[Site "Taastrup"]
[Date "2010.04.15"]
[Round "3"]
[White "Ertbjerg, Per"]
[Black "Kaaber Hansen, Jacob"]
[Result "1-0"]
[WhiteElo "1977"]
[BlackElo "2220"]
[PlyCount "77"]
[EventDate "2010.??.??"]

1. d4 d5 2. c4 c6 3. Nf3 Nf6 4. Nc3 e6 5. Bg5 h6 6. Bh4 dxc4 7. a4 Bb4 8. Qc2
Nbd7 9. e4 g5 10. Bg3 b5 11. Be2 Bb7 12. O-O a6 13. Rfd1 Qb6 14. Ne5 h5 15. h3
h4 16. Bh2 Bd6 17. Kh1 Qc7 18. Nxd7 Nxd7 19. Bxd6 Qxd6 20. e5 Qe7 21. Ne4 Nb6
22. Nd6+ Kf8 23. b3 cxb3 24. Qxb3 Nd5 25. Bf3 Kg7 26. Bxd5 cxd5 27. axb5 axb5
28. Qxb5 Rxa1 29. Rxa1 Ra8 30. Rxa8 Bxa8 31. Qa4 Qf8 32. Ne8+ Kg6 33. Qxa8 Qb4
34. Qa1 Qb3 35. Nf6 Qc2 36. Kg1 Kg7 37. Ng4 Kh8 38. Ne3 Qd2 39. Qd1 1-0

[Event "Taastrup Spil Naar Du Vil V 2010"]
[Site "Taastrup"]
[Date "2010.04.15"]
[Round "3"]
[White "Foslund, Peter"]
[Black "Strom, Ebbe"]
[Result "0-1"]
[WhiteElo "1538"]
[BlackElo "1604"]
[PlyCount "108"]
[EventDate "2010.??.??"]

1. c4 e5 2. a3 g6 3. Nc3 Bg7 4. e4 Nf6 5. d3 d6 6. Be2 Nbd7 7. b4 O-O 8. Nf3 c6
9. O-O d5 10. Qc2 d4 11. Nd1 h6 12. Ne1 g5 13. h3 Nh7 14. g4 Re8 15. f3 Ndf8
16. Ng2 Ne6 17. Nf2 Nhf8 18. Nh1 Ng6 19. Ng3 Nef4 20. Kh2 Bd7 21. Bxf4 Nxf4 22.
Nxf4 exf4 23. Nh1 a5 24. Nf2 Bf8 25. Qb2 Qc7 26. c5 b6 27. cxb6 Qxb6 28. e5
Rxe5 29. Ne4 Re6 30. Rfc1 axb4 31. Rc4 c5 32. axb4 Rxa1 33. Qxa1 cxb4 34. Qxd4
Qxd4 35. Rxd4 Ba4 36. Rc4 Rb6 37. Rc1 b3 38. d4 b2 39. Rb1 Bc2 40. Nf6+ Kh8 41.
Nd7 Rb4 42. Re1 b1=Q 43. Rxb1 Rxb1 44. Nxf8 Ba4 45. Bd3 Rb8 46. Ng6+ fxg6 47.
Bxg6 Rd8 48. h4 Rxd4 49. hxg5 hxg5 50. Be4 Rd2+ 51. Kg1 Kg7 52. Kf1 Kf6 53. Ke1
Rh2 54. Bd3 Ke5 0-1

[Event "Taastrup Spil Naar Du Vil V 2010"]
[Site "Taastrup"]
[Date "2010.04.15"]
[Round "3"]
[White "Zmylon, Frederik Nielsen"]
[Black "Lauritsen, Martin Lee"]
[Result "0-1"]
[WhiteElo "1510"]
[BlackElo "2047"]
[PlyCount "92"]
[EventDate "2010.??.??"]

1. e4 b6 2. Nc3 Bb7 3. Bc4 e6 4. Nf3 d5 5. exd5 exd5 6. Bb3 Nf6 7. d4 Be7 8.
Bf4 O-O 9. O-O c5 10. dxc5 bxc5 11. a3 d4 12. Na2 Nc6 13. c3 Ba6 14. Re1 d3 15.
c4 Na5 16. Nc1 Bd6 17. Bxd6 Qxd6 18. Nxd3 Rab8 19. Nc1 Qxd1 20. Bxd1 Bxc4 21.
b4 cxb4 22. axb4 Nc6 23. Be2 Rxb4 24. Bxc4 Rxc4 25. Nd2 Rc2 26. Ncb3 Nd5 27.
Rec1 Rxc1+ 28. Rxc1 Ndb4 29. g3 Ra8 30. Nc4 Kf8 31. Nca5 Rc8 32. Rc4 Ke7 33.
Nd4 Kd7 34. Naxc6 Nxc6 35. Nf5 g6 36. Ne3 Kd6 37. Rf4 f5 38. Nc4+ Ke6 39. Na3
Rb8 40. h4 Rb3 41. Nc2 Ke5 42. Ne3 Nd4 43. Nc4+ Kd5 44. Ne3+ Rxe3 45. fxe3 Ne2+
46. Kf1 Nxf4 0-1

[Event "Taastrup Spil Naar Du Vil V 2010"]
[Site "Taastrup"]
[Date "2010.04.15"]
[Round "3"]
[White "Lindgaard, Jorn"]
[Black "Kirkebaekke, Mark"]
[Result "1/2-1/2"]
[WhiteElo "1300"]
[BlackElo "1423"]
[PlyCount "82"]
[EventDate "2010.??.??"]

1. e4 c5 2. Nc3 Nc6 3. g3 e5 4. Bg2 b6 5. d3 Bb7 6. Be3 Nge7 7. Nb5 Ng6 8. c4
Nd4 9. Ne2 Nxb5 10. cxb5 Be7 11. O-O O-O 12. b3 f5 13. f4 exf4 14. Nxf4 Bg5 15.
Qe2 Nxf4 16. Bxf4 fxe4 17. dxe4 Bxf4 18. gxf4 Qe7 19. Rad1 d5 20. e5 d4 21.
Bxb7 Qxb7 22. e6 g6 23. e7 Rfe8 24. Rfe1 Qd5 25. Rd3 Rab8 26. Rg3 Rb7 27. Rg5
Qf7 28. Re5 Qxf4 29. Rf1 Qh6 30. Qc4+ Kh8 31. Rf7 Rd7 32. Qe6 Rb7 33. Qf6+ Kg8
34. Qe6 Kh8 35. Qc6 Rbb8 36. Qd6 Kg8 37. Qe6 Kh8 38. Ref5 Qc1+ 39. Rf1 Qg5+ 40.
Kh1 Qh6 41. Qd6 Kg8 1/2-1/2

[Event "Taastrup Spil Naar Du Vil V 2010"]
[Site "Taastrup"]
[Date "2010.04.15"]
[Round "3"]
[White "Pedersen, Ole"]
[Black "Meldal, Peter"]
[Result "0-1"]
[WhiteElo "1346"]
[BlackElo "1177"]
[PlyCount "86"]
[EventDate "2010.??.??"]

1. c4 e5 2. e3 Nf6 3. Nc3 Bb4 4. Nge2 O-O 5. g3 d6 6. Bg2 Nc6 7. a3 Bxc3 8.
Nxc3 Bg4 9. Qc2 Qd7 10. h3 Bf5 11. e4 Be6 12. Nd5 Qd8 13. d3 Nd4 14. Qc3 c6 15.
Nxf6+ Qxf6 16. Be3 Nf3+ 17. Bxf3 Qxf3 18. Kd2 a6 19. g4 Qf6 20. g5 Qd8 21. h4
Rc8 22. h5 b5 23. b3 Qc7 24. h6 g6 25. f4 f5 26. gxf6 Rxf6 27. Raf1 Rcf8 28. f5
gxf5 29. exf5 Rxf5 30. Rxf5 Rxf5 31. Rg1+ Kh8 32. d4 Rf7 33. Ke2 Bf5 34. Rg5
Qe7 35. dxe5 dxe5 36. cxb5 cxb5 37. b4 Qe6 38. Qd2 Qc4+ 39. Kf2 Bg4+ 40. Kg3
Rf3+ 41. Kh2 Rh3+ 42. Kg2 Qc6+ 43. Kf1 Qf3+ 0-1

[Event "Taastrup Spil Naar Du Vil V 2010"]
[Site "Taastrup"]
[Date "2010.04.15"]
[Round "3"]
[White "Ghavamabadi, Mehdi"]
[Black "Yde, Jesper"]
[Result "0-1"]
[WhiteElo "1375"]
[BlackElo "1545"]
[PlyCount "102"]
[EventDate "2010.??.??"]

1. e4 g5 2. Nc3 Bg7 3. d4 h6 4. Bc4 d6 5. Nge2 Bg4 6. Be3 Nd7 7. f4 e6 8. Qd3
Nb6 9. Bb3 Qe7 10. Rf1 gxf4 11. Rxf4 h5 12. O-O-O Bh6 13. Rff1 d5 14. h3 dxe4
15. Nxe4 Bf5 16. N2g3 Bg6 17. Bxh6 Rxh6 18. Qf3 h4 19. Ne2 Bh5 20. Qd3 O-O-O
21. Rd2 Nd5 22. N2c3 Ngf6 23. Rdf2 Nxe4 24. Nxe4 f5 25. Nc5 Qg5+ 26. Kb1 Bf7
27. Qb5 Nb6 28. Nxe6 Bxe6 29. Bxe6+ Rxe6 30. c3 Rd5 31. Qb4 Re8 32. Qb3 Re3 33.
Qc2 f4 34. Qc1 Rf5 35. b3 Nd5 36. Rc2 Qg3 37. c4 Nc3+ 38. Kb2 Ne2 39. Qd2 Re4
40. d5 Qxg2 41. Re1 f3 42. Qh6 Qg5 43. Qh8+ Kd7 44. Qh7+ Re7 45. Qh8 Qf6+ 46.
Qxf6 Rxf6 47. Rf1 f2 48. Rd2 Kd6 49. Kc2 Re3 50. Kd1 Nc3+ 51. Kc1 Re1+ 0-1

[Event "Taastrup Spil Naar Du Vil V 2010"]
[Site "Taastrup"]
[Date "2010.04.22"]
[Round "4"]
[White "Strom, Ebbe"]
[Black "Ertbjerg, Per"]
[Result "0-1"]
[WhiteElo "1604"]
[BlackElo "1977"]
[PlyCount "26"]
[EventDate "2010.??.??"]

1. Nf3 d5 2. d4 Nf6 3. c4 c6 4. e3 Bf5 5. Nc3 e6 6. Bd3 Bxd3 7. Qxd3 Nbd7 8.
O-O Bd6 9. Re1 O-O 10. e4 dxe4 11. Nxe4 Nxe4 12. Rxe4 Be7 13. Bd2 Nc5 0-1

[Event "Taastrup Spil Naar Du Vil V 2010"]
[Site "Taastrup"]
[Date "2010.04.22"]
[Round "4"]
[White "Nielsen, Jan Mose"]
[Black "Jensen, Jan Kargaard"]
[Result "1-0"]
[WhiteElo "2057"]
[BlackElo "1661"]
[PlyCount "45"]
[EventDate "2010.??.??"]

1. e4 c5 2. Nf3 d6 3. d4 cxd4 4. Nxd4 Nf6 5. Nc3 a6 6. Bg5 e6 7. f4 Be7 8. Qf3
Qc7 9. g4 Nc6 10. O-O-O Bd7 11. Bg2 Rc8 12. Kb1 b5 13. Bxf6 Bxf6 14. Ndxb5 axb5
15. Nxb5 Qb8 16. Nxd6+ Kf8 17. e5 Bxe5 18. fxe5 Nxe5 19. Qa3 Kg8 20. Nxc8 Qxc8
21. Rhe1 Nc4 22. Qe7 Qb8 23. b3 1-0

[Event "Taastrup Spil Naar Du Vil V 2010"]
[Site "Taastrup"]
[Date "2010.04.22"]
[Round "4"]
[White "Yde, Jesper"]
[Black "Lauritsen, Martin Lee"]
[Result "0-1"]
[WhiteElo "1545"]
[BlackElo "2047"]
[PlyCount "64"]
[EventDate "2010.??.??"]

1. e4 c5 2. f4 Nc6 3. Nf3 g6 4. c3 d5 5. exd5 Qxd5 6. c4 Qd8 7. Nc3 Bg7 8. Be2
Nh6 9. a3 O-O 10. Nd5 Be6 11. Ne3 Nd4 12. Nxd4 cxd4 13. Ng4 d3 14. Nxh6+ Bxh6
15. Bf3 Bxc4 16. b3 Bg7 17. Rb1 Bd5 18. Bb2 Bxb2 19. Rxb2 a5 20. a4 Rc8 21. Rf1
e5 22. fxe5 Re8 23. Rf2 Bxf3 24. gxf3 Rxe5+ 25. Kf1 Qh4 26. f4 Qh3+ 27. Kg1 Re2
28. Qf1 Qg4+ 29. Rg2 Rxg2+ 30. Qxg2 Rc1+ 31. Kf2 Qxf4+ 32. Qf3 Rf1+ 0-1

[Event "Taastrup Spil Naar Du Vil V 2010"]
[Site "Taastrup"]
[Date "2010.04.22"]
[Round "4"]
[White "Meldal, Peter"]
[Black "Foslund, Peter"]
[Result "0-1"]
[WhiteElo "1177"]
[BlackElo "1538"]
[PlyCount "64"]
[EventDate "2010.??.??"]

1. e4 c5 2. Nf3 Nc6 3. Bb5 d6 4. O-O Bd7 5. c3 e5 6. Re1 Nge7 7. d3 Ng6 8. Be3
Be7 9. d4 a6 10. Bxc6 bxc6 11. dxe5 dxe5 12. Nbd2 Be6 13. Qa4 Qb6 14. Rab1 Qb5
15. Qxb5 cxb5 16. Rbc1 c4 17. Ra1 O-O 18. a4 b4 19. Rec1 Rfc8 20. Nb1 a5 21.
cxb4 axb4 22. Ng5 Bd7 23. Nd2 f6 24. Ngf3 Be6 25. a5 Rc6 26. b3 c3 27. Nf1 Bc5
28. Ra4 Bxb3 29. Bxc5 Bxa4 30. Bxb4 Nf4 31. Rxc3 Ne2+ 32. Kh1 Nxc3 0-1